000 00668nam a22002417a 4500
003 OSt
005 20140310181924.0
008 130719t xxu||||| |||| 00| 0 eng d
020 _a9715844715
050 _aQD 45
_b.M467 2006
082 _aTRS 540.078
_bM45 2006
100 _aMaybay, Evangeline B.
_92268
245 _aGeneral chemistry laboratory manual /
_cEvangeline B. Maybay
260 _aQuezon Ave. :
_bC & E,
_cc2006.
300 _a152 p. :
_bill. ;
_c26 cm.
521 _aFaculty
541 _j1
541 _j2
541 _j3
562 _e3
650 _aChemistry
_xlaboratory manual.
_92269
942 _2lcc
_cBK-TR
_kTRS
999 _c7139
_d7139